000 01335nam a2200385 i 4500
001 27255
003 KOSZ 005
005 20220916112456.0
008 040519s1975 pl a |000 0 pol
015 _aPB 1664/76
040 _cWA N
_aWA N
_dKOSZ 005/HR
041 0 _apol
046 _k1975
080 _a658.14/.17
080 _a657.47
080 _a(07)
100 1 _aJaruga, Alicja
_d(1928-2011)
_eAutor
245 1 0 _aRachunek kosztów w systemie informacyjnym przedsiębiorstwa /
_cAlicja Jarugowa, Józef Skowroński.
260 _aWarszawa :
_bPaństwowe Wydawnictwo Ekonomiczne,
_c1975.
300 _a243, [1] s., [2] k. tabl. :
_bil., tab., wykr. ;
_c21 cm.
336 _2rdacontent
_aTekst
_btxt
337 _2rdamedia
_aBez urządzenia pośredniczącego
_bn
338 _2rdacarrier
_aWolumin
_bnc
380 _aKsiążki
388 _a1901-2000
388 _a1945-1989
504 _aBibliogr. s. 238-242.
650 4 _aRachunek kosztów
650 4 _aRachunkowość przemysłowa
658 _aGospodarka, ekonomia, finanse
700 1 _aSkowroński, Józef
_d(1924-1994)
_eAutor
710 2 _aPaństwowe Wydawnictwo Ekonomiczne
_4pbl.
856 _uhttp://koha.tu.koszalin.pl/cgi-bin/koha/opac-detail.pl?biblionumber=27255
_yKatalog online BPK
942 _2UKD
_cKS
999 _c27255
_d27255